| 000 | 00973cam a22003135a 4500 | ||
|---|---|---|---|
| 001 | 007841112 | ||
| 005 | 20171216154925.0 | ||
| 008 | 040304t1997 nyua frb 001 0 eng d | ||
| 010 | _a97008176 | ||
| 020 | _a0831131462 | ||
| 020 | _a9780831131463 | ||
| 040 |
_aDLC _beng _cDLC _dUk _dEG-ScBUE |
||
| 082 | 0 | 4 |
_a658.202 _bMOU _222 |
| 100 | 1 | _aMoubray, John. | |
| 245 | 1 | 0 |
_aReliability-centered maintenance / _cJohn Moubray. |
| 250 | _a2nd ed. | ||
| 260 |
_aNew York : _bIndustrial Press, _cc.1997. |
||
| 300 |
_axv, 426 p. : _bill. ; _c24 cm. |
||
| 500 | _aPrevious ed. : 1992. | ||
| 504 | _aIncludes bibliographical references and index. | ||
| 650 | 7 |
_aPlant maintenance. _2BUEsh _939245 |
|
| 650 | 7 |
_aReliability (Engineering) _2BUEsh |
|
| 650 | 7 |
_aMaintainability (Engineering) _2BUEsh |
|
| 651 | _2BUEsh | ||
| 653 |
_bBUSADM _cDecember2017 |
||
| 690 | 7 |
_aManagement and Business Studies _2blcoll |
|
| 942 | _2ddc | ||
| 999 |
_c25710 _d25682 |
||